000 00375nam a22001697a 4500
005 20160622151042.0
008 160622b xxu||||| |||| 00| 0 eng d
020 _a1403-93151-8
041 _aeng
082 _b9233
100 _aSharma, J.K.
_92515
245 _aOperations Research
260 _bMac Millan
300 _a1137
650 _aManagement
_9241
942 _cBK
999 _c3575
_d3574